|
|
|
|
| LEADER |
00000nam0a2200000 4500 |
| 001 |
198459 |
| 005 |
20231101224822.0 |
| 010 |
|
|
|a 9785406005354
|
| 035 |
|
|
|a (RuTPU)RU\TPU\book\216449
|
| 035 |
|
|
|a RU\TPU\book\135211
|
| 090 |
|
|
|a 198459
|
| 100 |
|
|
|a 20041123d2011 m y0rusy50 ca
|
| 101 |
0 |
|
|a rus
|
| 102 |
|
|
|a RU
|
| 105 |
|
|
|a y j 001zy
|
| 200 |
1 |
|
|a Социология
|e учебник
|f Ю. Г. Волков
|
| 205 |
|
|
|a 4-е изд., перераб. и доп.
|
| 210 |
|
|
|a Москва
|c КноРус
|d 2011
|
| 215 |
|
|
|a 320 с.
|
| 320 |
|
|
|a Библиография в конце глав.
|
| 330 |
|
|
|a Разработано в соответствии с новым Государственным стандартом для студентов технических специальностей. Наука социология представлена в виде обширного теоретического и эмпирического материала, адаптированного для студентов технических вузов и потому позволяющего с интересом и относительной легкостью осваивать азы социологической науки. Различные примеры из жизненных ситуаций, известные сюжеты из фильмов и художественной литературы, а также достаточно подробный список терминов, содержащихся в глоссарии, делают освоение материала увлекательным путешествием по лабиринтам таинственного, но чрезвычайно интересного мира социологии. Каждая глава содержит контрольные вопросы и списки рекомендуемой литературы. Для студентов технических вузов, аспирантов, преподавателей высших учебных заведений, а также всех тех, кто стремится познакомиться поближе с этой наукой.
|
| 606 |
1 |
|
|a Социология
|2 stltpush
|3 (RuTPU)RU\TPU\subj\67656
|9 83377
|
| 610 |
1 |
|
|a история
|
| 610 |
1 |
|
|a индивид
|
| 610 |
1 |
|
|a личность
|
| 610 |
1 |
|
|a социализация
|
| 610 |
1 |
|
|a общество
|
| 610 |
1 |
|
|a культура
|
| 610 |
1 |
|
|a социальные нормы
|
| 610 |
1 |
|
|a социальные ценности
|
| 610 |
1 |
|
|a социальные воздействия
|
| 610 |
1 |
|
|a социальные взаимодействия
|
| 610 |
1 |
|
|a социальное поведение
|
| 610 |
1 |
|
|a социальные коммуникации
|
| 610 |
1 |
|
|a социальная структура
|
| 610 |
1 |
|
|a социальные роли
|
| 610 |
1 |
|
|a социальный статус
|
| 610 |
1 |
|
|a социальные группы
|
| 610 |
1 |
|
|a социальные организации
|
| 610 |
1 |
|
|a социальные институты
|
| 610 |
1 |
|
|a социальная стратификация
|
| 610 |
1 |
|
|a социальная мобильность
|
| 610 |
1 |
|
|a социальный контроль
|
| 610 |
1 |
|
|a девиантное поведение
|
| 610 |
1 |
|
|a социальная конфликтология
|
| 610 |
1 |
|
|a социальное управление
|
| 610 |
1 |
|
|a социальная безопасность
|
| 610 |
1 |
|
|a этносоциология
|
| 610 |
1 |
|
|a молодежь
|
| 610 |
1 |
|
|a социодинамика
|
| 610 |
1 |
|
|a социальные изменения
|
| 610 |
1 |
|
|a социальные движения
|
| 610 |
1 |
|
|a глобализация
|
| 610 |
1 |
|
|a учебники
|
| 686 |
|
|
|a С5я73
|v LBC/SL-A
|2 rubbk
|
| 700 |
|
1 |
|a Волков
|b Ю. Г.
|g Юрий Григорьевич
|
| 801 |
|
1 |
|a RU
|b 63413507
|c 20110629
|
| 801 |
|
2 |
|a RU
|b 63413507
|c 20140729
|g RCR
|
| 942 |
|
|
|c BK
|
| 959 |
|
|
|a 63/20110629
|d 2
|e 200,00
|f ЧЗГЛ:1
|f АНЛ:1
|